<?xml version="1.0" encoding="UTF-8"?><?xml-stylesheet type="text/xsl" href="static/style.xsl"?><OAI-PMH xmlns="http://www.openarchives.org/OAI/2.0/" xmlns:xsi="http://www.w3.org/2001/XMLSchema-instance" xsi:schemaLocation="http://www.openarchives.org/OAI/2.0/ http://www.openarchives.org/OAI/2.0/OAI-PMH.xsd"><responseDate>2026-04-17T07:46:41Z</responseDate><request verb="GetRecord" identifier="oai:www.recercat.cat:20.500.12694/7260" metadataPrefix="marc">https://recercat.cat/oai/request</request><GetRecord><record><header><identifier>oai:recercat.cat:20.500.12694/7260</identifier><datestamp>2025-12-18T12:09:24Z</datestamp><setSpec>com_2072_179042</setSpec><setSpec>col_2072_484474</setSpec></header><metadata><record xmlns="http://www.loc.gov/MARC21/slim" xmlns:dcterms="http://purl.org/dc/terms/" xmlns:xsi="http://www.w3.org/2001/XMLSchema-instance" xmlns:doc="http://www.lyncode.com/xoai" xsi:schemaLocation="http://www.loc.gov/MARC21/slim http://www.loc.gov/standards/marcxml/schema/MARC21slim.xsd">
   <leader>00925njm 22002777a 4500</leader>
   <datafield ind2=" " ind1=" " tag="042">
      <subfield code="a">dc</subfield>
   </datafield>
   <datafield ind2=" " ind1=" " tag="720">
      <subfield code="a">Sunyer Vidal, Nina</subfield>
      <subfield code="e">author</subfield>
   </datafield>
   <datafield ind2=" " ind1=" " tag="260">
      <subfield code="c">2015-07-14</subfield>
   </datafield>
   <datafield ind2=" " ind1=" " tag="520">
      <subfield code="a">En el meu treball vull explicar Concerts per a Bebés, un projecte sorgit fa 16 anys a Leiría de la mà del músic portuguès Paulo Lameiro. El meu objectiu és ordenar i deixar escrit tot el que vaig aprendre amb ell l’any 2012 en una residència que va impartir a Salt (Girona) perquè em serveixi com a material sobre el qual treballar de cara a la creació de nous Concerts per a Nadons amb la companyia catalana que va sorgir d’aquesta residència, a més d’explicar una mica en quina o quines teories es basa. També m’interessa contrastar-lo amb altres projectes similars que hi hagi actualment a Catalunya per veure altres possibilitats, millorar aspectes dels nostres concerts, i a partir d’això formular una nova proposta de concert.</subfield>
   </datafield>
   <datafield ind2=" " ind1=" " tag="520">
      <subfield code="a">En mi trabajo quiero explicar Concertos para Bebés, un proyecto surgido hace 16 años en Leiría de la mano del músico portugués Paulo Lameiro. Mi objetivo es ordenar y dejar escrito todo lo que aprendí con él en 2012 en una residencia que impartió en Salt (Girona) para que me sirva como material sobre el cual trabajar de cara a la creación de nuevos Concerts per a Nadons con la compañía catalana que surgió de esa residencia, además de explicar un poco en qué teoría o teorías se basa. También me interesa contrastarlo con otros proyectos similares que haya actualmente en Catalunya para ver otras posibilidades, mejorar aspectos de nuestros conciertos, y a partir de esto formular una nueva propuesta de concierto.</subfield>
   </datafield>
   <datafield ind2=" " ind1=" " tag="520">
      <subfield code="a">In my project, I would like to talk about Concertos para Bebés (Concerts for Babies), a project created 16 years ago in Leíria by the Portuguese musician Paulo Lameiro. My goal is to organize and write down everything I learned from him in 2012 during a course he taught in Salt (Girona), so I can use it when creating new Concerts per a Nadons in the future with the Catalan company created from this course, and to explain the theories on which it is based. I am also interested in contrasting it with similar projects currently existing in Catalonia to learn from them, see other possibilities, improve aspects of our concerts, and formulate a new concert proposal myself.</subfield>
   </datafield>
   <datafield ind1="8" ind2=" " tag="024">
      <subfield code="a">http://hdl.handle.net/20.500.12694/7260</subfield>
   </datafield>
   <datafield tag="653" ind2=" " ind1=" ">
      <subfield code="a">TFG Música clàssica i contemporània</subfield>
   </datafield>
   <datafield tag="653" ind2=" " ind1=" ">
      <subfield code="a">Lameiro, Paulo. Concertos para Bebés</subfield>
   </datafield>
   <datafield tag="653" ind2=" " ind1=" ">
      <subfield code="a">Música per a infants</subfield>
   </datafield>
   <datafield tag="653" ind2=" " ind1=" ">
      <subfield code="a">Infants nadons</subfield>
   </datafield>
   <datafield tag="653" ind2=" " ind1=" ">
      <subfield code="a">Concerts</subfield>
   </datafield>
   <datafield ind2="0" ind1="0" tag="245">
      <subfield code="a">Concerts per a nadons</subfield>
   </datafield>
</record></metadata></record></GetRecord></OAI-PMH>